000 02400nam a2200325 a 4500
001 000000669
003 DO-SdBNP
005 20250621074003.0
008 090422s2002 dr r 001 0 spa d
040 _aDO-SdBNP
_bspa
_cBNPHU
082 _a352.367
_bK65p
100 1 _aKlinger Pevida, Eduardo
_92240
245 1 3 _aEl proceso de reforma y modernización del Estado en la República Dominicana :
_bobservaciones y comentarios /
_cEduardo Klinger Pevida.
260 _a[Santo Domingo] :
_bCONARE :
_bPAIRE,
_c2002.
300 _a147 p. ;
_c22 cm.
500 _aIncluye relación de programas y proyectos de reformas.
504 _aIncluye referencias bibliográficas y notas al pie de páginas.
505 0 _tIntroducción --
_tFundamentos para un debate --
_tLa descentralización --
_tLa reforma del Estado --
_tLa modernización --
_tEl dilema entre estado y mercado --
_tDemocracia y gobernabilidad --
_tLos objetivos de la reforma --
_tEl Conare --
_tReformas políticas --
_tLa Reforma Constitucional --
_tConsideraciones sobre otras reformas políticas --
_tCriterios para la descentralización -- Reforma en la administración pública --
_tReforma de la justicia --
_tEl proceso de modernización del Poder Ejecutivo --
_tSector educación --
_tSalud pública --
_tLey de Sevicio Civil y Carrera Administrativa --
_tReforma y modernización económica --
_tEl sector industrial --
_tReforma arancelaria --
_tTurismo --
_tProblemas financieros --
_tLa Contraloría General de la República --
_tPresupuesto --
_tReforma tributaria --
_tReforma y modernización de la Secretaría de Estado de Relaciones Exteriores --
_tModernización del concepto y operatividad de la seguridad --
_tLa reforma policial.
590 _aInventariado,2018/BT
650 4 _aDescentralización administrativa
_92241
650 4 _aReforma parlamentaria
_92242
651 4 _aRepública Dominicana
_xPolítica Económica
_9643
651 4 _aRepública Dominicana
_xPolítica Militar
_92243
651 0 _aRepública Dominicana
_xPolítica y gobierno
_945
651 4 _aRepública Dominicana
_xAdministración Pública
_9657
710 1 _aRepública Dominicana. Consejo Nacional de Reforma del Estado
_bConsejo Nacional de la Reforma del Estado (REPÚBLICA DOMINICANA)
_964396
710 2 _aPrograma de Apoyo Inmediato a la Reforma del Estado (REPÚBLICA DOMINICANA)
_92245
910 _aValidado. Control de calidad. EMS
942 _2ddc
_cLBS1
999 _c665
_d665